000
00290nam a2200121Ia 4500
005
20251222152609.0
008
251222s9999||||xx |||||||||||||| ||spa||
082
_a
657.61/A62
100
_a
Antony, Robert
245
0
_a
Contabilidad para la Dirección
264
_b
El Ateneo
942
_c
LIB
999
_c
26889
_d
26889